The Only Australian State or Territory... - Statistics

General Stats
  • This quiz has been taken 33 times
  • The average score is 7 of 20
Answer Stats
Question Answer % Correct
To have an extinct animal on its Coat of Arms: Tasmania
71%
Where marijuana is fully decriminalized for personal possession and use: Australian Capital Territory
68%
Where you can keep a crocodile as pet: Northern Territory
65%
To have a capital which has a name of indigenous origin: Australian Capital Territory
52%
To NOT have a sports team in one of Australia's major sports competitions: The NRL, AFL, A-League, BBL, Super Rugby, Super Netball or the NBL. Northern Territory
52%
To grant women the right to vote before 1900: South Australia
45%
To have more than 10 million cattle: Queensland
39%
To be the site of a structure built by Europeans before 1770: Western Australia
39%
To have its government overthrown in a military coup: New South Wales
32%
To have a GDP per capita of over $100,000 USD per annum: Western Australia
32%
To NOT have a point of land elevation higher than 1400m. Western Australia
29%
To execute someone for a crime after 1965: Victoria
26%
To have less than 10 recorded fatal shark attacks since white settlement: Northern Territory
23%
To have an estimated indigenous population of greater than 250,000 prior to European settlement: Queensland
23%
To have an indigenous population of less than 1% of the total(as of 2021): Victoria
23%
To have recorded a temperature of less than -15.0 Celsius: New South Wales
16%
To appoint a Governor of Asian heritage: South Australia
16%
To be explored by Europeans before 1615: Queensland
13%
To receive any convicts from Britain after 1854: Western Australia
13%
Whose first free European settlers were of German origin: Queensland
10%
No matching quizzes found
Score Distribution
Percent of People with Each Score
Percentile by Number Answered
Your Score History
You have not taken this quiz